00329nam a2200109 a 450000100100000000500170001000800410002704000250006824500620009326000420015530000220019700004616120201002052658.0150630s1985 000 spa d aDO-SdBNPbspacBNPHU 0aMateriales para el congreso de reunificación comunista. aSanto Domingo :bAlfa & Omega,c1985. a43 p. : ;c17 cm.